01609nam a2200301Ia 450000500170000000800390001702000150005604100080007110000400007924500850011925000220020430000290022649000160025550100570027150400270032850501990035552004030055460000700095765000370102765000400106470000430110426400260114733600270117333700330120033800280123304000350126108400110129620220316235714.0121119s2002 ck gr 000 0 spa a95804699110 aspa1 aGarcía Lorca, Federicod1898-193610aBodas de sangrecFederico García Lorca ; editor, Iván Hernández Arbeláez aSegunda edición a122, 64 páginasc19 cm0 aCara y cruz aA propósito de Federico García Lorca vida y obra aIncluye bibliografía aRafael Alberti : Imagen primera y sucesiva de Federico García Lorca / Elkin Obregón : Minucias sobre el autor y la obra / Citas a propósito de García Lorca.. Cronología. Bibliografía aEl tema principal de Bodas de Sangre es la dicotomía entre el amor y la muerte. Lorca quiere salvar el instinto elemental del convencionalismo social y la tradición, aún sabiendo que el intento está abocado al fracaso, ya que esta fuerza instintiva que tiende a la unión natural/irracional/básica, contiene en sí misma los principios de destrucción: el despecho, la agresividad, etc14aGarcía Lorca, Federico d1898-1936xCritica e interpretación 14aTeatro españolySiglo XX2LEMB14aTragedia españolaySiglo XX2LEMB1 aHernández Arbeláez, Iváneeditor aBogotábNormac2002 atextobtxt2rdacontent asin mediaciónbn2rdamedia avolumenbnc2rdacarrier aCO-BoRNBPbspaerdacCO-BoRNBP aT GAR1